Social foundations of industrial psychology. (Record no. 56657)
[ view plain ]
| 000 -LEADER | |
|---|---|
| fixed length control field | 00739cam a22002411 4500 |
| 001 - CONTROL NUMBER | |
| control field | sa 64001251 |
| 003 - CONTROL NUMBER IDENTIFIER | |
| control field | DLC |
| 005 - DATE AND TIME OF LATEST TRANSACTION | |
| control field | 20260227112001.0 |
| 008 - FIXED-LENGTH DATA ELEMENTS--GENERAL INFORMATION | |
| fixed length control field | 870730s1963 ii a b 000 0 eng |
| 010 ## - LIBRARY OF CONGRESS CONTROL NUMBER | |
| LC control number | sa 64001251 |
| 025 ## - OVERSEAS ACQUISITION NUMBER | |
| Overseas acquisition number | PL480:I-E-2333 |
| 035 ## - SYSTEM CONTROL NUMBER | |
| System control number | (OCoLC)16323290 |
| 040 ## - CATALOGING SOURCE | |
| Original cataloging agency | DLC |
| Transcribing agency | ICRL |
| Modifying agency | DLC |
| 042 ## - AUTHENTICATION CODE | |
| Authentication code | premarc |
| 050 00 - LIBRARY OF CONGRESS CALL NUMBER | |
| Classification number | HF5548.8 |
| Item number | .A55 |
| 100 1# - MAIN ENTRY--PERSONAL NAME | |
| Personal name | Adiseshiah, W. T. V. |
| 245 10 - TITLE STATEMENT | |
| Title | Social foundations of industrial psychology. |
| Statement of responsibility, etc. | With a foreword by Sir Frederic Bartlett. |
| 260 ## - PUBLICATION, DISTRIBUTION, ETC. | |
| Place of publication, distribution, etc. | Madras, |
| Name of publisher, distributor, etc. | Institute of Social Sciences, Loyola College |
| Date of publication, distribution, etc. | [1963] |
| 300 ## - PHYSICAL DESCRIPTION | |
| Extent | viii, 172 p. |
| Other physical details | illus. |
| Dimensions | 18 cm. |
| 504 ## - BIBLIOGRAPHY, ETC. NOTE | |
| Bibliography, etc. note | Includes bibliographies. |
| 650 #0 - SUBJECT ADDED ENTRY--TOPICAL TERM | |
| Topical term or geographic name entry element | Psychology, Industrial. |
| 650 #0 - SUBJECT ADDED ENTRY--TOPICAL TERM | |
| Topical term or geographic name entry element | Industrial sociology. |
No items available.